000 00512nam a2200169 i 4500
001 150799
003 ES-MaACL
005 20230906203714.0
007 t|
008 071112q19501959sp ||||1| spa d
245 0 4 _aLas relaciones entre la dirección y el obrero.
260 _a[Madrid :
_bs.n.,
_c195-?] (
_fImp. Europa)
300 _a57 p. :
_bil. ;
_c24 cm.
500 _aPrecede al tít.: Escuelas Internacionales.
710 2 _aEscuelas Internacionales.
_93618
852 _aES-MaACL
_j2027-F-23
_bR.48529
999 _c150799
_d150799